| 000 | 01033cam a22002655a 4500 | ||
|---|---|---|---|
| 001 | 16059278 | ||
| 005 | 20160327115607.0 | ||
| 008 | 100119s2010 enka frb 001 0 eng d | ||
| 020 | _a9780415779876 (pbk : alk. paper) | ||
| 040 |
_aDLC _cDLC _dDLC _dEG-ScBUE _beng |
||
| 082 | 0 | 4 |
_a620.00420285 _222 _bWOO |
| 100 | 1 |
_aWoodbury, Robert _q(Robert Francis), _d1955- _935837 |
|
| 245 | 1 | 0 |
_aElements of parametric design / _cRobert Woodbury ; with contributions by Onur Yuce Gun, Brady Peters and Mehdi (Roham) Sheikholeslami . |
| 260 |
_aOxon ; _aNew York : _bRoutledge / Taylor & Francis Group, _c2010. |
||
| 300 |
_axi, 300 p. : _bill. (col.) ; _c26 cm. |
||
| 500 | _aIndex : p. 296-300. | ||
| 504 | _aBibliography : p. 289-294. | ||
| 650 | 7 |
_aComputer-aided design. _93588 _2BUEsh |
|
| 651 | _2BUEsh | ||
| 653 |
_bENGARC _cMarch2014 _cMarch2016 |
||
| 700 | 1 |
_aGun, Onur Yuce, _econtributor. |
|
| 700 | 1 |
_935838 _aPeters, Brady, _econtributor. |
|
| 700 | 1 |
_aSheikholeslami, Mehdi, _935839 _econtributor. |
|
| 942 |
_2ddc _k620.00420285 WOO |
||
| 999 |
_c18193 _d18165 |
||